| 000 | 00377nam a22001457a 4500 | ||
|---|---|---|---|
| 005 | 20200614154554.0 | ||
| 008 | 200614b xxu||||| |||| 00| 0 eng d | ||
| 082 | _a345.4 | ||
| 110 |
_aALL INDIA REPORTER _96130 |
||
| 245 | _aCONSTITUENT ASSEMBLY BEBATES (OFFICIAL REPORT) 1 | ||
| 260 |
_aMUMBAI _bALL INDIA REPORTER |
||
| 300 | _a265;p | ||
| 650 |
_aLAW _95701 |
||
| 942 | _cJRL | ||
| 999 |
_c7180 _d7178 |
||